00449nam a22001217a 4500003000200000005001700002008004100019050002200060245012600082260007200208300002700280500002000307020221006142946.0221006b xxu||||| |||| 00| 0 eng d aHF5415b.G39 2022 aThe effectiveness of facebook group as a marketing tool for selected online sellers of Las Pinas CitycLara Mae O. Gayeta aLas Pinas CitybSouthville International School and CollegescC2022 avi,87pp.c28cmfTheses aMarketing tool.